MARC details
| 000 -LEADER |
| fixed length control field |
00880nam a2200241Ia 4500 |
| 003 - CONTROL NUMBER IDENTIFIER |
| control field |
IN-BaIIA |
| 008 - FIXED-LENGTH DATA ELEMENTS--GENERAL INFORMATION |
| fixed length control field |
211028s9999 xx 000 0 eng d |
| 020 ## - INTERNATIONAL STANDARD BOOK NUMBER |
| International Standard Book Number |
90-277-0203-9 |
| 040 ## - CATALOGING SOURCE |
| Transcribing agency |
IIA Library |
| 080 ## - UNIVERSAL DECIMAL CLASSIFICATION NUMBER |
| Universal Decimal Classification number |
52(082.1) |
| Item number |
ASS-31 |
| 110 ## - MAIN ENTRY--CORPORATE NAME |
| Corporate name or jurisdiction name as entry element |
International Astronomical Union |
| 111 ## - MAIN ENTRY--MEETING NAME |
| Meeting name or jurisdiction name as entry element |
International Astronomical Union Colloquium |
| Number of part/section/meeting |
10th |
| 9 (RLIN) |
7385 |
| 245 #0 - TITLE STATEMENT |
| Title |
Gravitational N-body problem |
| Remainder of title |
procedings of the IAU colloquium no. 10, held in Cambridge, England, August 12-15, 1970 |
| Statement of responsibility, etc. |
edited by Myron Lecar |
| 260 ## - PUBLICATION, DISTRIBUTION, ETC. |
| Place of publication, distribution, etc. |
Dordrecht |
| Name of publisher, distributor, etc. |
D. Reidel Publishing |
| Date of publication, distribution, etc. |
1972 |
| 300 ## - PHYSICAL DESCRIPTION |
| Extent |
ix, 441p. |
| 490 ## - SERIES STATEMENT |
| Series statement |
Astrophysics and space science library; v. 31 |
| 650 ## - SUBJECT ADDED ENTRY--TOPICAL TERM |
| Topical term or geographic name entry element |
Astronomy and astrophysics thesaurus |
| 650 ## - SUBJECT ADDED ENTRY--TOPICAL TERM |
| Topical term or geographic name entry element |
Celestial mechanics |
| 650 ## - SUBJECT ADDED ENTRY--TOPICAL TERM |
| Topical term or geographic name entry element |
N-Body problem |
| 9 (RLIN) |
7386 |
| 700 ## - ADDED ENTRY--PERSONAL NAME |
| Personal name |
Lecar, Myron., ed. |
| 9 (RLIN) |
7387 |
| 710 ## - ADDED ENTRY--CORPORATE NAME |
| Corporate name or jurisdiction name as entry element |
International Astronomical Union |
| 9 (RLIN) |
7388 |
| 942 ## - ADDED ENTRY ELEMENTS (KOHA) |
| Koha item type |
Books |